000 00554nam a2200193 a 4500
001 BRCA_2818
005 20190320204001.0
008 091208s1962----gw-a---###---#000-0#ger-u
050 4 _aQB44
_b.K84 1962
100 1 _aKuhn, Rudolf Johanes
_97907
245 1 0 _aDie Himmel erzählen
_bAstronomie heute
_cRudolf Kuhn.
260 _aMunchen
_bDroemer Knaur
_c1962
300 _a188 p.
_bil.
_c29 cm.
500 _aIncluye lista alfabética de las ilustraciones alemanas.
500 _aAA110
650 1 4 _aAstronomía
_97908
902 _aGFM
942 _2lcc
_cB
999 _c2558
_d2558